| 000 | 00710nam a2200181 a 4500 | ||
|---|---|---|---|
| 001 | 000041702 | ||
| 005 | 20201002035716.0 | ||
| 008 | 131018s1991 sp 000 0 spa d | ||
| 020 | _a8400071603 | ||
| 040 |
_aDO-SdBNP _bspa _cBNPHU |
||
| 245 | 0 | 3 |
_aHelánico de Lesbos : _bfragmentos / _cedición y traducción José J. Caerols Pérez. |
| 260 |
_aMadrid : _bConsejo Superior de Investigación Científicas, _c1991. |
||
| 300 |
_a301 p. ; _c25 cm. |
||
| 490 | 1 |
_aManuales y anejos de Emérita _v39 |
|
| 500 | _aIncluye referencias bibliográficas y notas al pie de las páginas | ||
| 710 | 2 |
_aConsejo Superior de Investigación Científicas (España) _964047 |
|
| 830 | 0 |
_aManuales y anejos de Emérita _v39 _963832 |
|
| 999 |
_c41191 _d41191 |
||